Tilastot visalle Välimeren maiden muodot

Klikkaa tästä pelataksesi tätä visaa!

Yleistilastot

  • Tätä visaa on pelattu 722 kertaa
  • Keskiarvotulos 16 / 21

Vastaustilastot

Vastaus% Oikein
Espanja
98%
Italia
95%
Ranska
94%
Kreikka
93%
Egypti
91%
Kroatia
90%
Turkki
90%
Kypros
87%
Marokko
83%
Libya
77%
Israel
73%
Algeria
71%
Malta
70%
Albania
69%
Bosnia ja Hertsegovina
66%
Tunisia
66%
Monaco
64%
Syyria
59%
Libanon
57%
Montenegro
54%
Slovenia
52%

Tulosjakauma

Persentiili vastausten määrän mukaan

Jokaisen tuloksen saaneiden osuus

Tuloshistoriasi

Et ole pelannut tätä visaa